The justification of scientific change. (Record no. 122837)
[ view plain ]
| 000 -LEADER | |
|---|---|
| fixed length control field | 00848nam a2200289 4500 |
| 001 - CONTROL NUMBER | |
| control field | 1796161 |
| 003 - CONTROL NUMBER IDENTIFIER | |
| control field | ARRUPE |
| 005 - DATE AND TIME OF LATEST TRANSACTION | |
| control field | 20150515105521.0 |
| 008 - FIXED-LENGTH DATA ELEMENTS--GENERAL INFORMATION | |
| fixed length control field | 711105s1971 ne b 000 0 eng |
| 010 ## - LIBRARY OF CONGRESS CONTROL NUMBER | |
| LC control number | 78154739 |
| 015 ## - NATIONAL BIBLIOGRAPHY NUMBER | |
| National bibliography number | Ne71-36 |
| 040 ## - CATALOGING SOURCE | |
| Original cataloging agency | DLC |
| Transcribing agency | DLC |
| Modifying agency | DLC |
| 050 00 - LIBRARY OF CONGRESS CALL NUMBER | |
| Classification number | Q175 |
| Item number | .K67 |
| 082 00 - DEWEY DECIMAL CLASSIFICATION NUMBER | |
| Classification number | 501 |
| 300 ## - PHYSICAL DESCRIPTION | |
| Dimensions | 23 cm. |
| 100 1# - MAIN ENTRY--PERSONAL NAME | |
| Personal name | Kordig, Carl R. |
| 9 (RLIN) | 17804 |
| 245 14 - TITLE STATEMENT | |
| Title | The justification of scientific change. |
| Statement of responsibility, etc | [By] Carl R. Kordig. |
| 260 ## - PUBLICATION, DISTRIBUTION, ETC. (IMPRINT) | |
| Place of publication, distribution, etc | Dordrecht, |
| Name of publisher, distributor, etc | Reidel |
| Date of publication, distribution, etc | [1971]. |
| 300 ## - PHYSICAL DESCRIPTION | |
| Extent | xiv, 119 p. |
| 350 ## - PRICE (NR) (BK AM CF MU VM SE) [OBSOLETE] | |
| Price | fl34.35 |
| 490 0# - SERIES STATEMENT | |
| Series statement | Synthese library |
| 500 ## - GENERAL NOTE | |
| General note | Based on author's dissertation--Yale University. |
| 504 ## - BIBLIOGRAPHY, ETC. NOTE | |
| Bibliography, etc | Bibliography: p. [116]-119. |
| 650 #0 - SUBJECT ADDED ENTRY--TOPICAL TERM | |
| Topical term or geographic name as entry element | Science |
| General subdivision | Philosophy. |
| 9 (RLIN) | 17805 |
| 650 #0 - SUBJECT ADDED ENTRY--TOPICAL TERM | |
| Topical term or geographic name as entry element | Science |
| General subdivision | Methodology. |
| 9 (RLIN) | 17806 |
| 906 ## - LOCAL DATA ELEMENT F, LDF (RLIN) | |
| a | 7 |
| b | cbc |
| c | orignew |
| d | 3 |
| e | ncip |
| f | 19 |
| g | y-gencatlg |
| 942 ## - ADDED ENTRY ELEMENTS (KOHA) | |
| Source of classification or shelving scheme | Library of Congress Classification |
| Koha item type | Monograph ( Printed materials) |
| Withdrawn status | Lost status | Source of classification or shelving scheme | Damaged status | Not for loan | Collection code | Home library | Current library | Shelving location | Date acquired | Total Checkouts | Full call number | Barcode | Date last seen | Price effective from | Koha item type |
|---|---|---|---|---|---|---|---|---|---|---|---|---|---|---|---|
| Library of Congress Classification | Main Collection | ARRUPE LIBRARY | ARRUPE LIBRARY | Main Collection | 15/05/2015 | Q175.K67 | 46500002339 | 03/07/2019 | 15/05/2015 | Monograph ( Printed materials) |